| 000 | 01607cam a2200445 a 4500 | ||
|---|---|---|---|
| 003 | CHAP | ||
| 005 | 20220329142121.0 | ||
| 008 | 990812d1994 mx ab r 00110 spa d | ||
| 010 | _a78691 | ||
| 011 | _a79663 | ||
| 035 | _a90047 | ||
| 040 | _cCHAP | ||
| 082 | 0 | 4 |
_a333.7275 _bT5 |
| 100 | 0 | 0 |
_aToledo Ocampo, Alejandro _ecoord. _9113628 |
| 245 | 1 | 0 |
_aRiqueza y pobreza en la Costa de Oaxaca _c/coord. por Alejandro Toledo |
| 260 |
_aMéxico, D.F. : _bCentro de Ecología y Desarrollo, _c1994. |
||
| 300 |
_a492 p. : _bilus. ; gráfs. ; mapas |
||
| 590 |
_aBATCH-UPD _b10 _c20130110 _lUCH01 _h0505 |
||
| 590 |
_aBATCH-UPD _b10 _c20130110 _lUCH01 _h2235 |
||
| 590 |
_aBATCH-UPD _b10 _c20130410 _lUCH01 _h0142 |
||
| 590 |
_aBATCH-UPD _b10 _c20130410 _lUCH01 _h1548 |
||
| 590 |
_aBATCH-UPD _b10 _c20130914 _lUCH01 _h0737 |
||
| 590 |
_aBATCH-UPD _b10 _c20130914 _lUCH01 _h2151 |
||
| 590 |
_aCONVERSION _b10 _c20130109 _lUCH01 _h1344 |
||
| 650 | 1 | 4 |
_aBotánica _zChiapas. _914639 |
| 650 | 1 | 4 |
_aBotánica _zOaxaca. _914644 |
| 650 | 1 | 4 |
_aChiapas _xCondiciones sociales. _922227 |
| 650 | 1 | 4 |
_aRecursos marinos _zChiapas. _995168 |
| 650 | 1 | 4 |
_aRecursos marinos _zOaxaca. _995170 |
| 650 | 1 | 4 |
_aRecursos naturales _xChiapas. _995215 |
| 650 | 1 | 4 |
_aRecursos naturales _zOaxaca. _995332 |
| 650 | 1 | 4 |
_aTierras _xUtilización. _9113219 |
| 650 | 1 | 4 |
_aTierras _xUtilización _xChiapas. _9113228 |
| 650 | 1 | 4 |
_aVida silvestre _xOaxaca. _9119192 |
| 650 | 1 | 4 |
_aVida silvestre _zChiapas. _9119205 |
| 901 | _aBK | ||
| 905 | _aBlanca M. García O. | ||
| 942 | _cLIBRO | ||
| 949 |
_a333.7275 T5 _bBC _cLIBRO _d33724000736344 _eLIBRO _h96114 _i90047 _sb |
||
| 999 |
_c78691 _d78691 |
||